000 00399nam a2200169Ia 4500
003 IT-RoPAU
005 20220918175315.0
008 120407s9999 xx 000 0 und d
040 _aIT-RoPAU
040 _cIT-RoPAU
100 _aThérèse Bélanger Léveillé
_935960
245 _aLa lumière est mon soleil
260 _aEditions Paulines
300 _c cm
490 _v1
942 _cBK
_2ddc
999 _c3147
_d3147